Szczegóły MARC21

Motywacja : droga do skutecznych działań /

003 -Nazwa inst., której nr kontr. jest w polu 001 [,]
    • @
    • Nazwa instytucji, której n kontrolny jest w polu 001
    • NUKAT
005 -DATA I CZAS OSTATNIEJ MODYFIKACJI [,]
    • @
    • pole kontrolne
    • 20241231112839.0
020 -Międzynarod. znormalizowany nr książki - ISBN [ , ]
    • a
    • Numer ISBN
    • 9788324616985 Find
040 -Instytucja sporządzająca opis [ , ]
    • a
    • Instytucja, która sporządziła opis (NP)
    • KR 119/MD
    • c
    • Instytucja, która sporządziła rekord (NP)
    • KR 119/MD
    • d
    • Instytucja, która zmodyfikowała rekord (P)
    • KR 119/MD
    • d
    • Instytucja, która zmodyfikowała rekord (P)
    • KR 119/SWs
041 -Język dokumentu [1, ]
    • a
    • Język tekstu (P)
    • polski
    • h
    • Język tekstu oryginalnego i/lub pośredniego (P)
    • angielski
942 -Rodzaj dokumentu [ , ]
    • c
    • Rodzaj dokumentu
    • Książka
100 -Hasło główne - nazwa osobowa [1, ]
    • a
    • Nazwa osobowa (NP)
    • Gorman, Tom.
    • 9
    • KHW
    • 84870
245 -Strefa tytułu i oznaczenia odpowiedzialności [1,0]
    • a
    • Tytuł
    • Motywacja : Find
    • b
    • Ciąg dalszy tytułu (NP)
    • droga do skutecznych działań / Find
    • c
    • Pozostałe elementy strefy tytułu i oznaczenia odpowiedzialności (NP)
    • Tom Gorman ; [tł.: Marcin Kowalczyk].
246 -Wariant tytułu [1, ]
    • i
    • Tekst wyświetlany na ekranie monitora (NP)
    • Tyt. oryg.:
    • a
    • Tytuł (NP)
    • Motivation
260 -Strefa adresu wydawniczego [ , ]
    • a
    • Miejsce wydania (P)
    • Gliwice :
    • b
    • Nazwa wydawcy (P)
    • Wydawnictwo Helion,
    • c
    • Data wydania (P)
    • cop. 2009.
300 -Strefa opisu fizycznego [ , ]
    • a
    • Określenie formy książki i/lub objętość (NP)
    • 175 s. ;
    • c
    • Format (NP)
    • 20 cm.
336 -Typ zawartości [ , ]
    • a
    • Termin opisujący typ zawartości
    • Tekst
    • b
    • Kod określający zawartość
    • txt
    • 2
    • Źródło (terminu i kodu)
    • rdacontent
337 -Typ mediów [ , ]
    • a
    • Tryb odtwarzania
    • Bez urządzenia pośredniczącego
    • b
    • Kod typu mediów
    • n
    • 2
    • Źródło (terminu i kodu)
    • rdamedia
338 -Typ/rodzaj nośnika [ , ]
    • a
    • Hasło opisujące typ nośnika
    • Wolumin
    • b
    • Kod typu nośnika
    • nc
    • 2
    • Źródło (terminu i kodu)
    • rdacarrier
490 -Strefa serii i książki wielotomowej - forma nie do wyszukiwania [1, ]
    • a
    • Tytuł (P)
    • Onepress Quick Find
830 -Hasło dodatkowe serii i opisu książki wielotomowej - tytuł ujednolicony/tytuł [ ,0]
    • a
    • Tytuł ujednolicony/tytuł (NP)
    • Onepress Quick
    • 9
    • KHW
    • 1094
080 -Uniwersalna Klasyfikacja Dziesiętna [ , ]
    • 2
    • Identyfikator wydania tablic
    • UDC-P058
    • 9
    • UKD
    • 2443
    • a
    • Symbol klasyfikacji
    • 159.947
    • b
    • Dopowiedzenie
    • Wola. Kształtowanie woli. Wybór. Decyzja. Odpowiedzialność. Samodyscyplina. Motywy.
080 -Uniwersalna Klasyfikacja Dziesiętna [ , ]
    • 2
    • Identyfikator wydania tablic
    • UDC-P058
    • 9
    • UKD
    • 2425
    • a
    • Symbol klasyfikacji
    • 159.923
    • b
    • Dopowiedzenie
    • Osobowość. Psychologia indywidualna. Cechy charakteru. Temperamenty i ich typologia. Kształtowanie osobowości. Samowiedza. Samopoznanie. Samorealizacja. Samoakceptacja.
650 -Hasło przedmiotowe [ ,7]
    • a
    • Hasło przedmiotowe
    • Motywacja (psychologia)
    • v
    • Określnik formalny
    • poradniki.
    • 2
    • Źródło terminu
    • kaba
    • 9
    • KHW
    • 364502
980 -Symbol UKD [ , ]
    • a
    • UKD
    • 159.947:159.923
700 -Hasło dodatkowe - nazwa osobowa [1, ]
    • a
    • Nazwa osobowa (NP)
    • Kowalczyk, Marcin Find
    • c
    • Dopowiedzenie inne niż daty biograficzne (NP)
    • (tłumacz).
    • e
    • Określenie rodzaju współpracy
    • Tł.
    • 9
    • KHW
    • 8716
710 -Hasło dodatkowe - nazwa ciała zbiorowego [2, ]
    • a
    • Nazwa ciała zbiorowego lub nazwa geograficzna jako pierwszy element (NP)
    • Grupa Wydawnicza Helion.
    • 4
    • Kod relacji
    • pbl
    • 9
    • KHW
    • 51611
920 -ISBN [ , ]
    • a
    • ISBN
    • 978-83-246-1698-5 Find
Status udost. Sygnatura Numer inwentarzowy Data inwentaryzacji Lokalizacja
-6159.9GW.42522015-10-27BE
-6159.9GW.42532015-10-27BE